000 00657cam a2200241 4500
001 1714920
005 20180314045531.0
008 720915s1973 nyua b 001 0 eng
010 _a 72008779
020 _a0471056472
040 _aDLC
_cDLC
_dDLC
_dICU
041 _aeng
060 _aQD561 B329d 1973
080 _a541.3728
082 0 0 _a541.3728 BAT
100 1 _a12
101 _aKIM
240 1 0 _aElectrometric pH determinations.
245 1 0 _aDetermination of pH;
_c[by] Roger G. Bates.
504 _aIncludes bibliographical references.
906 _a7
_bcbc
_corignew
_d1
_eocip
_f19
_gy-gencatlg
942 _2ddc
_cBK
999 _c44961
_d44961